000
00199 a2200097 4500
020
_a
9781558855182
041
_a
spa
100
_a
Alicia Gaspar de Alba
245
_a
Sangre en el desierto
942
_c
K
999
_c
26770
_d
26770